000 00803cab a2200193 4500
001 L135969
008 061220n2006 000 0 eng u
035 _a(Sirsi) u135969
041 0 _aeng
100 1 _aCarder, Paul
245 0 4 _aThe best thing to happen in facilities management?
260 _c2006
490 4 _aFacilities Management
_v14(3) December 2006, 15-17(3)
520 _aDiscusses the contribution facilities management can make to their organisation's corporate social responsibility. This involves promoting sustainable environmental and social practices, and adhering to corporate behaviour that demonstrates open and transparent business practices.
590 _aKA
651 4 _aUnited Kingdom
_y
690 _aMANAGEMENT-BUSINESS MANAGEMENT-PROFESSIONAL PRACTICE
942 _n0
999 _c78086
_d78086